Indian medicinal plants, Volume 3/

Bibliografiset tiedot
Päätekijä: Kirtikar, Kanhoba Ranchoddas, 1849-1917
Muut tekijät: Basu, Baman Das, 1867-1930 (joint author.)
Aineistotyyppi: Kirja
Kieli:English
Julkaistu: Dehra Dun, India : International Book Distributors, 2008.
Painos:second edition /
Aiheet:
Classic Catalogue: View this record in Classic Catalogue
LEADER 01777nam a2200301 a 4500
008 100517s2008 ii a b 000 0 eng d
020 |a 8170892791 
040 |a DLC  |c DLC  |d DLC  |d BD-DhAAL 
082 0 0 |a 581.6/34/0954  |2 22 
100 1 |a Kirtikar, Kanhoba Ranchoddas,  |d 1849-1917.  |9 58772 
245 1 0 |a Indian medicinal plants,  |n Volume 3/  |c by K. R. Kirtikar and B. D. Basu. 
250 |a second edition /  |b edited, rev. enl., and mostly rewritten by E. Blatter, J. F. Caius, and K. S. Mhaskar. 
260 |a Dehra Dun, India :  |b International Book Distributors,  |c 2008. 
300 |a clxxx, 1593-2393 pages :  |b illustrations ;  |c 22 cm. 
362 0 |a Vol.3 
500 |a Reprint of the 2d ed. 
504 |a Includes bibliographical references. 
505 0 |a v. 1-4. Text. 
526 |x Mustak Ibn Ayub Department of Mathematics and Natural Sciences Course name and no. "not available" 
541 1 |a Parash Publishers  |e 00019028 
650 0 |a Medicinal plants  |z India.  |9 58773 
650 0 |a Materia medica, Vegetable  |z India.  |9 58774 
700 1 |a Basu, Baman Das,  |d 1867-1930,  |e joint author.  |9 58775 
852 4 |a Ayesha Abed Library  |j General Shelf 
942 |2 ddc  |c BK 
999 |c 8618  |d 8618 
952 |0 0  |1 0  |2 ddc  |4 0  |6 581_634095400000000_KIR_2008  |7 0  |9 10278  |a BRACUL  |b BRACUL  |c GEN  |d 2010-05-17  |e Parash Publishers  |l 0  |o 581.6340954 KIR  |p 3010019028  |r 2010-05-17  |t 1  |w 2010-05-17  |y BK  |x Requisitioned by Mustak Ibn Ayub, Department of Mathematics and Natural Sciences, Course name and no. "not available" 
952 |0 0  |1 0  |2 ddc  |4 0  |6 581_634095400000000_KIR_2008  |7 0  |9 10279  |a BRACUL  |b BRACUL  |c GEN  |d 2010-05-17  |e Parash Publishers  |l 0  |o 581.6340954 KIR  |p 3010019029  |r 2010-05-17  |t 2  |w 2010-05-17  |y BK  |x Requisitioned by Mustak Ibn Ayub, Department of Mathematics and Natural Sciences, Course name and no. "not available"